Microeconomics / (Record no. 5235)
[ view plain ]
| 000 -LEADER | |
|---|---|
| fixed length control field | 00651cam a2200241 a 4500 |
| 001 - CONTROL NUMBER | |
| JCCL Control Number | 5235 |
| 003 - CONTROL NUMBER IDENTIFIER | |
| JCCL marc code | BD-JhCC |
| 005 - DATE AND TIME OF LATEST TRANSACTION | |
| control field | 20171211100535.0 |
| 008 - FIXED-LENGTH DATA ELEMENTS--GENERAL INFORMATION | |
| fixed length control field | 890524s1989 enk | |||| ||eng| |
| 020 ## - INTERNATIONAL STANDARD BOOK NUMBER | |
| International Standard Book Number | 0023958103 |
| 035 ## - SYSTEM CONTROL NUMBER | |
| system control number | (BD-JhCC) 5235 |
| 040 ## - CATALOGING SOURCE | |
| Original cataloging agency | BD-JhCC |
| Modifying agency | BD-JhCC |
| 041 ## - LANGUAGE CODE | |
| Language code of Book | eng |
| 082 ## - DEWEY DECIMAL CLASSIFICATION NUMBER | |
| Classification number | 338.5 |
| Author mark and Year | PIN 1989 |
| 100 1# - MAIN ENTRY--PERSONAL NAME | |
| Personal name | Pindyck, Robert S. |
| 245 10 - TITLE STATEMENT | |
| Title | Microeconomics / |
| Statement of responsibility, etc | Robert S. Pindyck, Daniel L. Rubinfeld. |
| 260 ## - PUBLICATION, DISTRIBUTION, ETC. (IMPRINT) | |
| Place of publication, distribution, etc | New York : |
| Name of publisher, distributor, etc | Macmillan ; |
| Place of publication, distribution, etc | London : |
| Name of publisher, distributor, etc | Collier Macmillan, |
| Date of publication, distribution, etc | c1989. |
| 300 ## - PHYSICAL DESCRIPTION | |
| Pagination | xx,668p ; |
| Dimensions | 25cm. |
| 650 #0 - SUBJECT ADDED ENTRY--TOPICAL TERM | |
| Topical term or geographic name as entry element | Microeconomics. |
| 700 1# - ADDED ENTRY--PERSONAL NAME | |
| Personal name | Rubinfeld, Daniel L. |
| 942 ## - ADDED ENTRY ELEMENTS (KOHA) | |
| Source of classification or shelving scheme | Dewey Decimal Classification |
| Koha item type | Books |
| Source of classification or shelving scheme | Damaged status | Not for loan | Home library | Current library | Shelving location | Date of accession | Source of acquisition | Total Checkouts | Full call number | Barcode | Date last seen | Date checked out | Copy number | Koha item type |
|---|---|---|---|---|---|---|---|---|---|---|---|---|---|---|
| Dewey Decimal Classification | JCC Rouf Library | JCC Rouf Library | General Stacks | 12/11/2017 | The Asia Foundation | 1 | 338.5 PIN 1989 | 7196 | 05/08/2024 | 05/07/2024 | C- 1 | Books |